Selling Personality, Persuasion, Strategy

Saved in:
Bibliographic Details
Main Author: Gorman, Walter
Format: Book
Language:English
Published: New York Random House 1979
Edition:1. ed.
Subjects:
Tags: Add Tag
No Tags, Be the first to tag this record!

MARC

LEADER 00000nam a2200000 4500
001 c001025
005 20221207074135.2
020 |a 0-394-32198-7 
041 0 |a eng 
044 |a US 
245 1 0 |a Selling  |b Personality, Persuasion, Strategy  |c Walter Gorman 
250 |a 1. ed. 
264 1 |a New York  |b Random House  |c 1979 
300 |a 517 s. 
610 2 0 |a predaj 
610 2 0 |a osobnosť 
610 2 0 |a psychológia predaja 
610 2 0 |a komunikácia 
610 2 0 |a správanie 
610 2 0 |a úspech pracovný 
610 2 0 |a spotrebitelia 
610 2 0 |a povolania 
610 2 0 |a manažment 
610 2 0 |a riadenie strategické 
100 1 |a Gorman, Walter